[Event "Muensterland Verbandsliga playoff 5-8"]
[Site "Germany"]
[Date "2023.05.13"]
[Round "2.8"]
[White "Eissing, Richard"]
[Black "Volpert, Juri"]
[Result "0-1"]
[WhiteElo "1504"]
[BlackElo "1514"]
[PlyCount "70"]
[EventDate "2022.03.25"]
[EventType "team-k.o."]
[EventRounds "2"]
[EventCountry "GER"]
[SourceTitle "EXT 2024"]
[Source "ChessBase"]
[SourceDate "2023.10.10"]
[SourceVersion "1"]
[SourceVersionDate "2023.10.10"]
[SourceQuality "1"]
[WhiteTeam "Gescher"]
[BlackTeam "Nienberge II"]
[WhiteTeamCountry "GER"]
[BlackTeamCountry "GER"]

1. d4 c5 2. e3 e6 3. Nf3 d5 4. c4 Nf6 5. Nc3 b6 6. Bd3 g6 7. 0-0 Bg7 8. Re1 0-0 9. e4 dxe4 10. Nxe4 Nbd7 11. dxc5 Nxc5 12. Nxc5 bxc5 13. Bg5 Bb7 14. Qe2 Qc7 15. Bxf6 Bxf6 16. Rad1 Rad8 17. b3 Bc3 18. Rf1 Qc6 19. Qc2 Bb4 20. Be2 e5 21. Rxd8 Rxd8 22. Rd1 Rxd1+ 23. Qxd1 Ba5 24. Bf1 Qe6 25. Be2 h6 26. h3 e4 27. Nh2 f5 28. f4 Bc7 29. Qf1 Qd6 30. g3 g5 31. fxg5 Qxg3+ 32. Qg2 hxg5 33. Qxg3 Bxg3 34. Nf1 Be5 35. Ne3 Bd4 0-1